| 000 | 00927cam a22002894a 4500 | ||
|---|---|---|---|
| 001 | 12935226 | ||
| 003 | NUST-PNEC | ||
| 005 | 20170114142441.0 | ||
| 008 | 020918s2003 njua 001 0 eng | ||
| 010 | _a 2002032958 | ||
| 020 | _a0130081817 | ||
| 040 |
_aDLC _cDLC _dDLC |
||
| 042 | _apcc | ||
| 050 | 0 | 0 |
_aTA405 _b.H47 2003 |
| 082 | 0 | 0 |
_a620.104 HIB _221 |
| 100 | 1 | _aHibbeler, R. C. | |
| 245 | 1 | 0 |
_aMechanics of materials / _cR.C. Hibbeler. |
| 250 | _a5th ed. | ||
| 260 |
_aUpper Saddle River, N.J. : _bPearson Education, _cc2003. |
||
| 300 |
_axiv, 848 p. : _bill. ; _c24 cm. |
||
| 500 | _aIncludes index. | ||
| 650 | 0 | _aStrength of materials. | |
| 650 | 0 |
_aStructural analysis (Engineering) _xME |
|
| 906 |
_a7 _bcbc _corignew _d1 _eocip _f20 _gy-gencatlg |
||
| 942 |
_2ddc _cBK |
||
| 999 |
_c59960 _d59960 |
||